| 000 | 00730nam a22002417a 4500 | ||
|---|---|---|---|
| 999 |
_c11989 _d11989 |
||
| 003 | AR-CdUCM | ||
| 008 | 190405b ||||| |||| 00| 0 spa d | ||
| 020 | _a0-934007-24-1 | ||
| 020 | _a0-934007-23-3 | ||
| 040 |
_aMUNICIPALIDAD PROVINCIAL DEL CUSCO _cBIBLIOTECA MUNICIPAL DEL CUSCO |
||
| 082 |
_aES / 373 / _bG45 |
||
| 100 |
_aGill, Shelley _929627 |
||
| 245 | _aSwimmer / | ||
| 260 |
_aChina : _bSasquatch Books, _c1995. |
||
| 300 |
_a32 paginas ; _bilustraciones, graficos, dibujos, _c27 cm. |
||
| 505 | _aContenido: Mundo marino | ||
| 650 |
_aIngles _97365 |
||
| 650 |
_aPeces marinos _929628 |
||
| 650 |
_aLiteratura _983 |
||
| 700 |
_aCartwright, Shannon _929629 |
||
| 942 |
_2ddc _cLIBROS |
||
| 945 |
_apjha _d2019-04-05 |
||